Studies in the labour thory of value (Record no. 142734)

MARC details
000 -LEADER
fixed length control field 00566nam a22001937a 4500
005 - DATE AND TIME OF LATEST TRANSACTION
control field 20181208160234.0
010 ## - LCCN (DPL NO)
LC control number ENG-119367
020 ## - INTERNATIONAL STANDARD BOOK NUMBER
International Standard Book Number 9789350020074
Terms of availability 395.00
035 ## - SYSTEM CONTROL NUMBER
System control number EN-102899
037 ## - SOURCE OF ACQUISITION
Source of stock number/acquisition DBAD/PUB
082 ## - DEWEY DECIMAL CLASSIFICATION NUMBER
Classification number 335.412
100 ## - MAIN ENTRY--PERSONAL NAME
Personal name Meek, Ronald L.
245 ## - TITLE STATEMENT
Title Studies in the labour thory of value
Statement of responsibility, etc by Ronald L. Meek
260 ## - PUBLICATION, DISTRIBUTION, ETC. (IMPRINT)
Place of publication, distribution, etc Delhi
Name of publisher, distributor, etc Aakar Books
Date of publication, distribution, etc 2009
270 ## - ADDRESS
Address 28 E Pocket IV, Mayur Vihar Phase I
City Delhi
Postal code 110091
300 ## - PHYSICAL DESCRIPTION
Extent i,376p.
Dimensions 22cm.(pbk)
500 ## - GENERAL NOTE
General note Include index
942 ## - ADDED ENTRY ELEMENTS (KOHA)
Source of classification or shelving scheme Dewey Decimal Classification
Item type English Books
Classification part 335.412
Call number suffix MEE
Holdings
Withdrawn status Lost status Not for loan Collection code Home library Current library Date acquired Source of acquisition Cost, normal purchase price Full call number Barcode Copy number Cost, replacement price Koha item type
    Not For Loan Non-fiction D.B.Act.Division Bawana 20/07/2017 DBAD/PUB 395.00 335.412 MEE EN-102899 1 395.00 English Books

© Delhi Public Library
Hit Counter
free hit counter